Monro (deceased) v Inland Revenue Commissioners (Record no. 63198)
[ view plain ]
| 000 -LEADER | |
|---|---|
| fixed length control field | 01122cam a2200217 4500 |
| 001 - CONTROL NUMBER | |
| control field | ABS62258 |
| 008 - FIXED-LENGTH DATA ELEMENTS--GENERAL INFORMATION | |
| fixed length control field | 000000n2000 000 0 eng u |
| 035 ## - SYSTEM CONTROL NUMBER | |
| System control number | (Sirsi) u105481 |
| 245 ## - TITLE STATEMENT | |
| Title | Monro (deceased) v Inland Revenue Commissioners |
| 260 ## - PUBLICATION, DISTRIBUTION, ETC. | |
| Date of publication, distribution, etc. | 2000 |
| 490 ## - SERIES STATEMENT | |
| Series statement | Rating and Valuation Reporter |
| Volume/sequential designation | [2000] RVR 81-94(14) |
| 520 ## - SUMMARY, ETC. | |
| Summary, etc. | LT 13 April 1999. Appeal under Inheritance Tax Act 1984 s222 by executor of the late Mrs K W Monro against a determination by the Inland Revenue Commissioner s under the 1984 Act s221 that the value of the deceased's estate was £191,000 on the date of her death on 10 July 1994. M's estate comprised an undivided half share of the freehold interest in 61 and 63 Gloucester Road and 23 and 25 Hillside New Barnet Herts. Evidence of value and comparables discussed. Reduced value of estate from £191,000 to £185,000. Award final. |
| 590 ## - LOCAL NOTE (RLIN) | |
| Local note | ABS |
| 650 ## - SUBJECT ADDED ENTRY--TOPICAL TERM | |
| Topical term or geographic name entry element | MUNRO V INLAND REVENUE COMMISSIONERS |
| 650 ## - SUBJECT ADDED ENTRY--TOPICAL TERM | |
| Topical term or geographic name entry element | INHERITANCE TAX |
| 650 ## - SUBJECT ADDED ENTRY--TOPICAL TERM | |
| Topical term or geographic name entry element | INHERITANCE ACT 1984 |
| 650 ## - SUBJECT ADDED ENTRY--TOPICAL TERM | |
| Topical term or geographic name entry element | COMPARABLES |
| 650 ## - SUBJECT ADDED ENTRY--TOPICAL TERM | |
| Topical term or geographic name entry element | FREEHOLD INTEREST |
| 690 ## - LOCAL SUBJECT ADDED ENTRY--TOPICAL TERM (OCLC, RLIN) | |
| Topical term or geographic name as entry element | TAXATION-CASE LAW |
| 942 ## - ADDED ENTRY ELEMENTS (KOHA) | |
| Suppress in OPAC | 0 |
| Withdrawn status | Lost status | Source of classification or shelving scheme | Damaged status | Not for loan | Home library | Current library | Shelving location | Date acquired | Total Checkouts | Full call number | Barcode | Date last seen | Copy number | Price effective from | Koha item type |
|---|---|---|---|---|---|---|---|---|---|---|---|---|---|---|---|
| Dewey Decimal Classification | London | London | Journal article | 19/04/2000 | ABS62258 | 105481-1001 | 06/08/2019 | 1 | 06/08/2019 | Law report |